The colder war : (Record no. 169737)

MARC details
000 -LEADER
fixed length control field 00691cam a2200193 i 4500
005 - DATE AND TIME OF LATEST TRANSACTION
control field 20191202124152.0
010 ## - LCCN (DPL NO)
LC control number B-731107
020 ## - INTERNATIONAL STANDARD BOOK NUMBER
International Standard Book Number 9788126559213
Terms of availability 499.00
035 ## - SYSTEM CONTROL NUMBER
System control number B-731107
037 ## - SOURCE OF ACQUISITION
Source of stock number/acquisition DBAD/Pub
Stock number dpl
082 ## - DEWEY DECIMAL CLASSIFICATION NUMBER
Edition number 338.2728
100 1# - MAIN ENTRY--PERSONAL NAME
Personal name Katusa, Marin
245 10 - TITLE STATEMENT
Title The colder war :
Remainder of title how the global energy trade slipped from America's grasp /
Statement of responsibility, etc by Marin Katusa
260 ## - PUBLICATION, DISTRIBUTION, ETC. (IMPRINT)
Place of publication, distribution, etc New Delhi
Name of publisher, distributor, etc John Wiley & Sons
Date of publication, distribution, etc 2016
270 ## - ADDRESS
Address 4435-36/7, Ansari Road, Daryaganj
City New Delhi
Postal code 110002
Telephone number 011-43630000
300 ## - PHYSICAL DESCRIPTION
Extent xvi, 246p.;
Dimensions 25 cm (Hb)
Other physical details ill.
942 ## - ADDED ENTRY ELEMENTS (KOHA)
Source of classification or shelving scheme Dewey Decimal Classification
Item type English Books
Classification part 338.2728
Call number suffix KAT
Holdings
Withdrawn status Lost status Not for loan Collection code Home library Current library Date acquired Source of acquisition Cost, normal purchase price Full call number Barcode Copy number Cost, replacement price Koha item type
      Non-fiction Central Library Central Library 02/12/2019 Gift/ Eng./13.11.2019 499.00 338.2728 KAT B-731107 1 499.00 English Books

© Delhi Public Library
Hit Counter
free hit counter